[Event "Titled Tuesday intern op 06th Jun Early"]
[Site "Chess.com INT"]
[Date "2023.06.06"]
[Round "1"]
[White "Garcia Jimenez, Francisco Javier"]
[Black "Gorovets, Andrey"]
[Result "0-1"]
[WhiteElo "2259"]
[BlackElo "2463"]
[PlyCount "68"]
[EventDate "2023.06.06"]
[EventType "swiss (blitz)"]
[EventRounds "11"]
[EventCountry "USA"]
[SourceTitle "EXT 2024"]
[Source "ChessBase"]
[SourceDate "2023.10.10"]
[SourceVersion "1"]
[SourceVersionDate "2023.10.10"]
[SourceQuality "1"]

1. e4 c6 2. Nf3 d5 3. exd5 cxd5 4. Ne5 Nc6 5. d4 e6 6. f4 Nge7 7. c3 f6 8. Nf3 Nf5 9. Bd3 Qc7 10. 0-0 Bd6 11. Qe1 0-0 12. Nh4 g6 13. Nxf5 exf5 14. Na3 Qf7 15. Nb5 Bb8 16. Qh4 a6 17. Na3 Bd6 18. Bd2 Re8 19. Rae1 Bxa3 20. bxa3 Bd7 21. Rb1 Na5 22. Rb6 Bc6 23. Qf2 Nc4 24. Bxc4 dxc4 25. Re1 Rxe1+ 26. Bxe1 Re8 27. Rb1 Qe7 28. Bd2 Qxa3 29. Re1 Be4 30. Ra1 Qb2 31. Qe1 Bc6 32. Qc1 Qxc1+ 33. Rxc1 Re2 34. Rd1 Rxg2+ 0-1

[Event "Titled Tuesday intern op 06th Jun Early"]
[Site "Chess.com INT"]
[Date "2023.06.06"]
[Round "6"]
[White "Garcia Jimenez, Francisco Javier"]
[Black "Perez, Maximiliano"]
[Result "0-1"]
[WhiteElo "2259"]
[BlackElo "2396"]
[PlyCount "108"]
[EventDate "2023.06.06"]
[EventType "swiss (blitz)"]
[EventRounds "11"]
[EventCountry "USA"]
[SourceTitle "EXT 2024"]
[Source "ChessBase"]
[SourceDate "2023.10.10"]
[SourceVersion "1"]
[SourceVersionDate "2023.10.10"]
[SourceQuality "1"]

1. e4 c5 2. Nc3 Nc6 3. g3 g6 4. Bg2 Bg7 5. d3 d6 6. Be3 e5 7. Qd2 h5 8. h3 Nge7 9. Bg5 f6 10. Be3 Nd4 11. Nge2 Be6 12. f4 Qd7 13. Nd5 0-0-0 14. Nec3 Bxd5 15. Nxd5 Nxd5 16. exd5 f5 17. c3 Rhe8 18. fxe5 Bxe5 19. 0-0 Nb5 20. Bg5 Bxg3 21. Bxd8 Qxd8 22. a4 Nc7 23. d4 c4 24. Rf3 f4 25. Rxf4 Qg5 26. Raf1 Bxf4 27. Qxf4 Qxf4 28. Rxf4 Re2 29. Rf2 Re1+ 30. Rf1 Rxf1+ 31. Kxf1 Kd7 32. h4 Ke7 33. Kf2 Kf6 34. Ke3 g5 35. Ke4 gxh4 36. Kf4 b6 37. Bf3 Kg6 38. Be4+ Kf6 39. Bf3 a6 40. Bxh5 Nxd5+ 41. Kg4 b5 42. axb5 axb5 43. Kxh4 b4 44. Be2 bxc3 45. bxc3 Nb6 46. Kg4 d5 47. Bd1 Nc8 48. Kf4 Nd6 49. Ke3 Ne4 50. Bf3 Nxc3 51. Kd2 Ne4+ 52. Bxe4 dxe4 53. Ke3 c3 54. d5 Ke5 0-1

[Event "Titled Tuesday intern op 06th Jun Early"]
[Site "Chess.com INT"]
[Date "2023.06.06"]
[Round "5"]
[White "Novikov, Evgenij"]
[Black "Garcia Jimenez, Francisco Javier"]
[Result "1/2-1/2"]
[WhiteElo "2276"]
[BlackElo "2259"]
[PlyCount "56"]
[EventDate "2023.06.06"]
[EventType "swiss (blitz)"]
[EventRounds "11"]
[EventCountry "USA"]
[SourceTitle "EXT 2024"]
[Source "ChessBase"]
[SourceDate "2023.10.10"]
[SourceVersion "1"]
[SourceVersionDate "2023.10.10"]
[SourceQuality "1"]

1. f4 d5 2. Nf3 g6 3. g3 Bg7 4. Bg2 c5 5. 0-0 Nc6 6. d3 Nf6 7. Nc3 0-0 8. e4 d4 9. Ne2 Ne8 10. a4 e5 11. Nd2 f5 12. Nc4 Nd6 13. Nxe5 Nxe5 14. fxe5 Bxe5 15. Bh6 Bg7 16. Bxg7 Kxg7 17. c3 fxe4 18. cxd4 Rxf1+ 19. Bxf1 exd3 20. Qxd3 Bf5 21. Qe3 cxd4 22. Nxd4 Qf6 23. Rc1 Re8 24. Rc7+ Kh8 25. Qc3 Ne4 26. Qe3 Nd6 27. Qc3 Ne4 28. Qe3 Nd6 1/2-1/2

[Event "Catalunya-chT Gp2"]
[Site "Barcelona"]
[Date "2022.02.26"]
[Round "6.5"]
[White "Garcia Ramos, Daniel"]
[Black "Garcia Jimenez, Francisco Javier"]
[Result "1-0"]
[WhiteElo "2438"]
[BlackElo "2238"]
[PlyCount "105"]
[EventDate "2022.01.22"]
[EventType "team-tourn"]
[EventRounds "9"]
[EventCountry "ESP"]
[SourceTitle "CBM 208 Extra"]
[Source "ChessBase"]
[SourceDate "2022.07.31"]
[SourceVersion "1"]
[SourceVersionDate "2022.07.31"]
[SourceQuality "1"]
[WhiteTeam "Colon Sabadell"]
[BlackTeam "Valls"]
[WhiteTeamCountry "ESP"]
[BlackTeamCountry "ESP"]

1. c4 c6 2. Nf3 d5 3. d4 Nf6 4. e3 e6 5. Nbd2 Nbd7 6. b3 Qa5 7. Qc2 Ne4 8. Bd3 f5 9. 0-0 Bd6 10. Bb2 0-0 11. Rad1 Qc7 12. Qc1 b6 13. cxd5 exd5 14. Ne5 Bb7 15. f4 a5 16. a4 Nxe5 17. dxe5 Bb4 18. Nxe4 fxe4 19. Be2 Rad8 20. e6 Bd6 21. Bg4 c5 22. Rf2 d4 23. Bxd4 cxd4 24. Qxc7 Bxc7 25. e7 d3 26. Be6+ Kh8 27. exf8Q+ Rxf8 28. g3 Bd6 29. Rff1 Bb4 30. Kf2 g5 31. f5 Kg7 32. Rc1 Bc5 33. g4 Bd6 34. Kg2 Kf6 35. Rfd1 Rd8 36. Kf2 Ke5 37. Rh1 Ba6 38. h4 h6 39. hxg5 hxg5 40. Rh6 d2 41. Bc4 Bc8 42. Rd1 Bb4 43. Rxb6 Bc3 44. Rh6 Rf8 45. Ke2 Rd8 46. Rdh1 Bb4 47. Rg6 Be7 48. Kd1 Bc5 49. Rh3 Bxe3 50. Rxe3 Kf4 51. Re2 Kxg4 52. Be6 Ba6 53. Rxd2 1-0

[Event "Catalunya-chT Gp2"]
[Site "Barcelona"]
[Date "2022.01.22"]
[Round "1.6"]
[White "Garcia Jimenez, Francisco Javier"]
[Black "Bruned Segura, Mario"]
[Result "0-1"]
[WhiteElo "2238"]
[BlackElo "2084"]
[PlyCount "96"]
[EventDate "2022.01.22"]
[EventType "team-tourn"]
[EventRounds "9"]
[EventCountry "ESP"]
[SourceTitle "CBM 206 Extra"]
[Source "ChessBase"]
[SourceDate "2022.03.31"]
[SourceVersion "1"]
[SourceVersionDate "2022.03.31"]
[SourceQuality "1"]
[WhiteTeam "Valls"]
[BlackTeam "Lleida"]
[WhiteTeamCountry "ESP"]
[BlackTeamCountry "ESP"]

1. e4 e5 2. Nc3 Nf6 3. g3 d5 4. exd5 Nxd5 5. Bg2 Be6 6. Nf3 Nc6 7. 0-0 Bd6 8. d4 0-0 9. Nxe5 Bxe5 10. dxe5 Nxc3 11. bxc3 Nxe5 12. Qxd8 Raxd8 13. Bxb7 c6 14. Ba3 Nf3+ 15. Kg2 Bd5 16. Bxf8 Kxf8 17. Rfd1 Nd2+ 18. Kh3 Bf3 19. g4 Rd6 20. Rxd2 Rxd2 21. Kg3 Bd5 22. Rc1 Ke7 23. a3 Kd6 24. Ba6 Kc5 25. Bd3 g5 26. Re1 f6 27. Bxh7 Kc4 28. Re3 Rd1 29. Bd3+ Kc5 30. Be4 Rg1+ 31. Kf3 Bc4 32. Bd3 Bd5+ 33. Ke2 Rxg4 34. Re7 Ra4 35. c4 Bxc4 36. Bxc4 Rxc4 37. Rxa7 Rxc2+ 38. Ke3 Rc4 39. Kf3 Rf4+ 40. Kg3 Kb6 41. Re7 c5 42. a4 c4 43. Re8 Rf5 44. f3 c3 45. Rb8+ Ka5 46. Ra8+ Kb4 47. h3 Rc5 48. Rb8+ Kc4 0-1

[Event "Sant Boi Lorente Memorial 11th"]
[Site "Sant Boi de Llobregat"]
[Date "2021.06.20"]
[Round "5"]
[White "Garcia Jimenez, Francisco Javier"]
[Black "Ayza Leon, David"]
[Result "1/2-1/2"]
[WhiteElo "2301"]
[BlackElo "2268"]
[PlyCount "118"]
[EventDate "2021.06.20"]
[EventType "swiss"]
[EventRounds "8"]
[EventCountry "ESP"]
[SourceTitle "CBM 203 Extra"]
[Source "ChessBase"]
[SourceDate "2021.09.30"]
[SourceVersion "1"]
[SourceVersionDate "2021.09.30"]
[SourceQuality "1"]

1. e4 e5 2. Nc3 Nc6 3. Bc4 Nf6 4. d3 h6 5. Nf3 Bc5 6. Be3 Bxe3 7. fxe3 d6 8. 0-0 Bg4 9. Qe1 Qd7 10. Qg3 0-0-0 11. a3 Rdg8 12. Bb5 a6 13. Ba4 Nh5 14. Qf2 g5 15. d4 Qe7 16. Nd5 Qd8 17. Bxc6 bxc6 18. Nb4 exd4 19. Nxc6 Qe8 20. Nfxd4 Bd7 21. Nb4 a5 22. Nd5 Qxe4 23. Qxf7 Rg7 24. Qf3 Qxf3 25. Rxf3 g4 26. Rff1 g3 27. h3 Re8 28. Rae1 Rg5 29. Nf6 Nxf6 30. Rxf6 h5 31. Nf3 Rb5 32. b3 Rc5 33. Re2 Rc3 34. Rg6 h4 35. Nxh4 Rexe3 36. Rxe3 Rxe3 37. Nf3 Bf5 38. Rxg3 Bxc2 39. b4 Rxa3 40. bxa5 Rxa5 41. Nd4 Be4 42. Rg4 d5 43. h4 c5 44. Ne2 Ra1+ 45. Kf2 Ra2 46. Ke3 Ra3+ 47. Kf4 c4 48. h5 c3 49. Rg8+ Kd7 50. h6 c2 51. h7 Bxh7 52. Rg7+ Kd6 53. Rxh7 Ra4+ 54. Kf3 Ra1 55. Rh6+ Kd7 56. Rh7+ Kd6 57. Rh6+ Kd7 58. Rh5 Kd6 59. Rh6+ Kd7 1/2-1/2

[Event "Barcelona Canovelles op"]
[Site "Barcelona"]
[Date "2020.12.30"]
[Round "6"]
[White "Garcia Jimenez, Francisco Javier"]
[Black "Barbero Sendic, Alejandro"]
[Result "1/2-1/2"]
[WhiteElo "2288"]
[BlackElo "2322"]
[PlyCount "26"]
[EventDate "2020.12.27"]
[EventType "swiss"]
[EventRounds "7"]
[EventCountry "ESP"]
[SourceTitle "CBM 200 Extra"]
[Source "ChessBase"]
[SourceDate "2021.03.31"]
[SourceVersion "1"]
[SourceVersionDate "2021.03.31"]
[SourceQuality "1"]

1. d4 d5 2. Bf4 Nf6 3. Nf3 e6 4. e3 Bd6 5. Bg3 0-0 6. Bd3 c5 7. c3 Qc7 8. Nbd2 Nbd7 9. 0-0 Bxg3 10. hxg3 e5 11. dxe5 Nxe5 12. Nxe5 Qxe5 13. Nf3 Qh5 1/2-1/2

[Event "Barcelona Canovelles op"]
[Site "Barcelona"]
[Date "2020.12.28"]
[Round "3"]
[White "Torralba Brosa, Marc"]
[Black "Garcia Jimenez, Francisco Javier"]
[Result "0-1"]
[WhiteElo "1793"]
[BlackElo "2288"]
[PlyCount "44"]
[EventDate "2020.12.27"]
[EventType "swiss"]
[EventRounds "7"]
[EventCountry "ESP"]
[SourceTitle "CBM 200 Extra"]
[Source "ChessBase"]
[SourceDate "2021.03.31"]
[SourceVersion "1"]
[SourceVersionDate "2021.03.31"]
[SourceQuality "1"]

1. e4 d5 2. exd5 Qxd5 3. Nc3 Qd8 4. Nf3 Nf6 5. d4 a6 6. Bc4 b5 7. Bb3 Bb7 8. Ne5 e6 9. 0-0 c5 10. dxc5 Qxd1 11. Rxd1 Bxc5 12. Bg5 Nbd7 13. Nxd7 Nxd7 14. Ne2 Nf6 15. Rd2 Ne4 16. Bf4 Bxf2+ 17. Kf1 Nxd2+ 18. Kxf2 Nxb3 19. axb3 0-0 20. Nc3 Rac8 21. b4 Rfd8 22. g3 Rd4 0-1

[Event "Sitges Sunway 7th"]
[Site "Sitges"]
[Date "2020.12.23"]
[Round "10"]
[White "Garcia Jimenez, Francisco Javier"]
[Black "Valenzuela Gomez, Fernando Alberto"]
[Result "1/2-1/2"]
[WhiteElo "2288"]
[BlackElo "2390"]
[PlyCount "125"]
[EventDate "2020.12.13"]
[EventType "swiss"]
[EventRounds "10"]
[EventCountry "ESP"]
[SourceTitle "CBM 199 Extra"]
[Source "ChessBase"]
[SourceDate "2021.01.31"]
[SourceVersion "1"]
[SourceVersionDate "2021.01.31"]
[SourceQuality "1"]

1. c4 e6 2. b3 d5 3. Bb2 d4 4. g3 Nc6 5. Bg2 Nf6 6. d3 e5 7. Nf3 Bc5 8. 0-0 0-0 9. Ba3 Bxa3 10. Nxa3 Re8 11. Nc2 Qd6 12. Qd2 a5 13. a3 h6 14. b4 Bf5 15. Nh4 Bh7 16. Rfb1 g5 17. Bxc6 bxc6 18. Nf3 a4 19. h4 g4 20. Nfe1 Kg7 21. e4 dxe3 22. Nxe3 Rad8 23. Rd1 h5 24. Qc2 Nd7 25. Qxa4 f5 26. Qb3 c5 27. Qc3 Kg8 28. b5 Nf6 29. a4 f4 30. Nf1 Nd7 31. a5 Nf8 32. a6 Ne6 33. Nc2 Bxd3 34. Ne1 e4 35. Nxd3 exd3 36. a7 Nd4 37. Qxd3 Qf6 38. Ra6 Qxa6 39. bxa6 Nf3+ 40. Kh1 Rxd3 41. Rxd3 Ra8 42. gxf4 Rxa7 43. Ra3 Kf7 44. Ng3 Nxh4 45. Nxh5 Nf5 46. Ng3 Nd6 47. Ra5 Nxc4 48. Rxc5 Nd6 49. Nf5 Nxf5 50. Rxf5+ Ke6 51. Ra5 c5 52. Kg2 c4 53. Kg3 c3 54. Kxg4 c2 55. Rc5 Rxa6 56. f5+ Kf6 57. Rxc2 Ra4+ 58. f4 Ra1 59. Rc6+ Kf7 60. f6 Ra5 61. Rb6 Rc5 62. f5 Rc1 63. Kf4 1/2-1/2

[Event "Sitges Sunway 7th"]
[Site "Sitges"]
[Date "2020.12.17"]
[Round "5"]
[White "Bulmaga, Irina"]
[Black "Garcia Jimenez, Francisco Javier"]
[Result "1/2-1/2"]
[WhiteElo "2424"]
[BlackElo "2288"]
[PlyCount "112"]
[EventDate "2020.12.13"]
[EventType "swiss"]
[EventRounds "10"]
[EventCountry "ESP"]
[SourceTitle "CBM 199 Extra"]
[Source "ChessBase"]
[SourceDate "2021.01.31"]
[SourceVersion "1"]
[SourceVersionDate "2021.01.31"]
[SourceQuality "1"]

1. e4 d5 2. exd5 Qxd5 3. Nc3 Qd8 4. d4 Nf6 5. Nf3 a6 6. a4 Nc6 7. h3 Bf5 8. Bc4 Nb4 9. Bb3 e6 10. Nh4 Bd3 11. Be3 Nfd5 12. Nxd5 Nxd5 13. Bxd5 exd5 14. Qxd3 Qxh4 15. 0-0 Bd6 16. Rfe1 0-0 17. Qb3 Qe4 18. Re2 b5 19. Rae1 Rab8 20. a5 Rbe8 21. f3 Qf5 22. Bd2 Re6 23. Rxe6 fxe6 24. Bb4 Bg3 25. Re2 Rf6 26. Be1 Bd6 27. Bb4 Qf4 28. Bxd6 Qxd4+ 29. Qe3 Qxe3+ 30. Rxe3 cxd6 31. Rc3 Rf4 32. b3 d4 33. Rc6 d3 34. cxd3 Rd4 35. Rxa6 Rxd3 36. b4 Rd4 37. Kf2 Kf7 38. Ke3 Rxb4 39. Rxd6 Ra4 40. a6 Kf6 41. Rb6 h6 42. h4 Rxh4 43. Rxb5 Ra4 44. Rb6 h5 45. Kd3 g5 46. Kc3 Kf5 47. Kb3 Ra1 48. Kb4 e5 49. Kb5 e4 50. fxe4+ Kxe4 51. Rc6 Kf4 52. Rc3 h4 53. Kb6 g4 54. a7 Rb1+ 55. Kc7 Ra1 56. Kb8 Rb1+ 1/2-1/2

[Event "Catalunya-ch"]
[Site "Vila Seca"]
[Date "2019.04.19"]
[Round "3"]
[White "Perez Mitjans, Orelvis"]
[Black "Garcia Jimenez, Francisco Javier"]
[Result "1/2-1/2"]
[WhiteElo "2377"]
[BlackElo "2254"]
[PlyCount "92"]
[EventDate "2019.04.18"]
[EventType "swiss"]
[EventRounds "8"]
[EventCountry "ESP"]
[SourceTitle "CBM 189 Extra"]
[Source "ChessBase"]
[SourceDate "2019.06.03"]
[SourceVersion "1"]
[SourceVersionDate "2019.06.03"]
[SourceQuality "1"]

1. e4 c6 2. d4 d5 3. e5 Bf5 4. Nd2 e6 5. Nb3 Nd7 6. Nf3 Ne7 7. Be2 c5 8. dxc5 Nc6 9. 0-0 Bxc5 10. Nxc5 Nxc5 11. Nd4 Bg6 12. c4 Nxe5 13. f4 Nxc4 14. f5 exf5 15. b3 Nd6 16. h4 Qxh4 17. Nb5 Nce4 18. Ba3 0-0 19. Bxd6 Rfd8 20. Bf4 d4 21. Rc1 a6 22. Nc7 Rac8 23. Qd3 Nc3 24. Rxc3 dxc3 25. Qxc3 Bh5 26. Bc4 Qe7 27. Qg3 b5 28. Bd3 Rxd3 29. Qxd3 Rxc7 30. Bxc7 Qxc7 31. Qxf5 Bg6 32. Qd5 Qb6+ 33. Kh1 h6 34. Rc1 Qe3 35. Qc5 Qe2 36. a4 bxa4 37. bxa4 Kh7 38. Qc4 Qh5+ 39. Kg1 Qg5 40. Re1 Qd2 41. Re8 Qd1+ 42. Kh2 Qd6+ 43. Kh1 Qd1+ 44. Kh2 Qd6+ 45. Kh1 Qd1+ 46. Kh2 Qd6+ 1/2-1/2

[Event "Martorell op 35th"]
[Site "Martorell"]
[Date "2017.11.11"]
[Round "8"]
[White "Lluverol Torrents, Salvador"]
[Black "Garcia Jimenez, Francisco Javier"]
[Result "1/2-1/2"]
[WhiteElo "1896"]
[BlackElo "2249"]
[PlyCount "51"]
[EventDate "2017.09.16"]
[EventType "swiss"]
[EventRounds "9"]
[EventCountry "ESP"]
[SourceTitle "CBM 189 Extra"]
[Source "ChessBase"]
[SourceDate "2019.06.03"]
[SourceVersion "1"]
[SourceVersionDate "2019.06.03"]
[SourceQuality "1"]

1. d4 d5 2. c4 c6 3. Nf3 a6 4. c5 g6 5. Bf4 Bg7 6. e3 Nf6 7. Nc3 0-0 8. Bd3 Bf5 9. 0-0 Nbd7 10. Bxf5 gxf5 11. Ne5 Ne4 12. Nxd7 Qxd7 13. f3 Nf6 14. Be5 Bh6 15. Bxf6 exf6 16. f4 Kh8 17. Qh5 Bg7 18. Rf3 Rg8 19. Ne2 Bf8 20. Rh3 h6 21. Ng3 Qe6 22. Nxf5 Rg6 23. Nh4 Rg8 24. Nf5 Rg6 25. Nh4 Rg8 26. Nf5 1/2-1/2

[Event "Martorell op 35th"]
[Site "Martorell"]
[Date "2017.10.28"]
[Round "6"]
[White "Garcia Jimenez, Francisco Javier"]
[Black "Canovas Quesada, Joan Josep"]
[Result "1-0"]
[WhiteElo "2249"]
[BlackElo "1859"]
[PlyCount "75"]
[EventDate "2017.09.16"]
[EventType "swiss"]
[EventRounds "9"]
[EventCountry "ESP"]
[SourceTitle "CBM 189 Extra"]
[Source "ChessBase"]
[SourceDate "2019.06.03"]
[SourceVersion "1"]
[SourceVersionDate "2019.06.03"]
[SourceQuality "1"]

1. e4 e5 2. Nc3 Bc5 3. g3 Nf6 4. Bg2 Nc6 5. Nge2 d6 6. h3 a6 7. 0-0 b5 8. d3 0-0 9. Kh1 Nd4 10. Nxd4 Bxd4 11. f4 Bb7 12. fxe5 Bxe5 13. d4 Bxg3 14. Bg5 Qd7 15. Qf3 Nxe4 16. Nxe4 f5 17. Nc5 Bxf3 18. Nxd7 Bxg2+ 19. Kxg2 f4 20. Nxf8 Rxf8 21. Rf3 h6 22. Rxg3 fxg3 23. Be3 d5 24. Kxg3 c6 25. Bf4 Kf7 26. Bd6 Re8 27. Rf1+ Kg6 28. Be5 Kg5 29. Bxg7 Re3+ 30. Kg2 h5 31. Bf6+ Kg6 32. Be5 c5 33. Rf6+ Kh7 34. Rh6+ Kg8 35. Rxh5 Re2+ 36. Kf3 Rxc2 37. dxc5 Rxc5 38. Bd4 1-0

[Event "Martorell op 35th"]
[Site "Martorell"]
[Date "2017.09.30"]
[Round "3"]
[White "Gual Pascual, Antonio"]
[Black "Garcia Jimenez, Francisco Javier"]
[Result "1-0"]
[WhiteElo "2392"]
[BlackElo "2249"]
[PlyCount "39"]
[EventDate "2017.09.16"]
[EventType "swiss"]
[EventRounds "9"]
[EventCountry "ESP"]
[SourceTitle "CBM 189 Extra"]
[Source "ChessBase"]
[SourceDate "2019.06.03"]
[SourceVersion "1"]
[SourceVersionDate "2019.06.03"]
[SourceQuality "1"]

1. d4 c5 2. d5 e6 3. c4 b5 4. dxe6 fxe6 5. cxb5 a6 6. e4 axb5 7. Bxb5 Nf6 8. Nc3 Bb7 9. Nf3 Be7 10. 0-0 0-0 11. Re1 Qc7 12. Bg5 Rf7 13. Bd3 Nc6 14. e5 Nd5 15. Bxe7 Rxe7 16. Bxh7+ Kxh7 17. Ng5+ Kh6 18. Re4 Nxe5 19. Rh4+ Kg6 20. Qh5+ 1-0

[Event "Catalunya-chT GpB final"]
[Site "Barcelona"]
[Date "2017.03.25"]
[Round "3.5"]
[White "Gonzalez Vericat, Sergio"]
[Black "Garcia Jimenez, Francisco Javier"]
[Result "1-0"]
[WhiteElo "2135"]
[BlackElo "2281"]
[PlyCount "67"]
[EventDate "2017.03.11"]
[EventType "team-tourn"]
[EventRounds "11"]
[EventCountry "ESP"]
[SourceTitle "CBM 177 Extra"]
[Source "ChessBase"]
[SourceDate "2017.04.27"]
[SourceVersion "1"]
[SourceVersionDate "2017.04.27"]
[SourceQuality "1"]
[WhiteTeam "Gerunda"]
[BlackTeam "Sant Josep de Badalona"]
[WhiteTeamCountry "ESP"]
[BlackTeamCountry "ESP"]

1. b3 e5 2. Bb2 Nc6 3. e3 Nge7 4. Nf3 d6 5. d4 Bg4 6. h3 Bxf3 7. Qxf3 exd4 8. exd4 Qd7 9. Nd2 Ng6 10. 0-0-0 0-0-0 11. Bd3 Kb8 12. Bf5 Qe8 13. Rhe1 Be7 14. Bxg6 hxg6 15. d5 Ne5 16. Qe3 Bf6 17. Ne4 Qf8 18. Nxf6 gxf6 19. f4 Nd7 20. Bd4 b6 21. Qc3 Rh5 22. Bxf6 Nxf6 23. Qxf6 Rf5 24. Qh4 Re8 25. Rxe8+ Qxe8 26. Re1 Qb5 27. Qd8+ Kb7 28. Re8 Ka6 29. Qc8+ Ka5 30. Qxc7 Qxe8 31. Qxa7+ Kb4 32. Qxb6+ Kc3 33. Qa5+ Kd4 34. Qb4+ 1-0

[Event "Catalunya-chT GpB final"]
[Site "Barcelona"]
[Date "2017.03.11"]
[Round "1.5"]
[White "Coll Ortega, Jordi"]
[Black "Garcia Jimenez, Francisco Javier"]
[Result "1-0"]
[WhiteElo "2255"]
[BlackElo "2281"]
[PlyCount "73"]
[EventDate "2017.03.11"]
[EventType "team-tourn"]
[EventRounds "11"]
[EventCountry "ESP"]
[SourceTitle "CBM 177 Extra"]
[Source "ChessBase"]
[SourceDate "2017.04.27"]
[SourceVersion "1"]
[SourceVersionDate "2017.04.27"]
[SourceQuality "1"]
[WhiteTeam "Lleida"]
[BlackTeam "Sant Josep de Badalona"]
[WhiteTeamCountry "ESP"]
[BlackTeamCountry "ESP"]

1. e4 d5 2. exd5 Qxd5 3. Nc3 Qd8 4. d4 Nf6 5. Nf3 g6 6. Bg5 Bg7 7. Qd2 h6 8. Bf4 c6 9. Bc4 Nbd7 10. Ne5 Nxe5 11. Bxe5 0-0 12. 0-0-0 b5 13. Bb3 a5 14. a4 Ba6 15. h4 b4 16. Ne2 c5 17. Bxf6 exf6 18. dxc5 Qc7 19. Nf4 Rad8 20. Qe3 Rde8 21. Qg3 Kh7 22. Nxg6 Qxc5 23. Nxf8+ Rxf8 24. Qd6 Qc8 25. Rhe1 f5 26. Qd7 Qc5 27. Bxf7 Bc8 28. Qd5 Qxf2 29. h5 Bf6 30. Re8 Rxe8 31. Bg6+ Kh8 32. Qf7 Qe3+ 33. Kb1 Qe7 34. Qxe8+ Qxe8 35. Bxe8 Bb7 36. Rd6 Bg5 37. Bc6 1-0

[Event "Catalunya-chT Gp2"]
[Site "Barcelona"]
[Date "2017.02.25"]
[Round "6.6"]
[White "Bofill Mas, Alejandro"]
[Black "Garcia Jimenez, Francisco Javier"]
[Result "1-0"]
[WhiteElo "2340"]
[BlackElo "2281"]
[PlyCount "57"]
[EventDate "2017.01.21"]
[EventType "team-tourn"]
[EventRounds "7"]
[EventCountry "ESP"]
[SourceTitle "EXT 2018"]
[Source "ChessBase"]
[SourceDate "2017.10.13"]
[SourceVersion "1"]
[SourceVersionDate "2017.10.13"]
[SourceQuality "1"]
[WhiteTeam "Barcelona Escola Escacs"]
[BlackTeam "Sant Josep de Badalona"]
[WhiteTeamCountry "ESP"]
[BlackTeamCountry "ESP"]

1. c4 e5 2. g3 Nc6 3. Nc3 g6 4. Bg2 Bg7 5. e4 d6 6. Nge2 Be6 7. d3 Nge7 8. 0-0 0-0 9. Nd5 f5 10. Be3 Qd7 11. Qd2 Rf7 12. Rac1 Raf8 13. f3 Nc8 14. b3 Nd8 15. exf5 Bxf5 16. d4 Bh3 17. dxe5 dxe5 18. Rcd1 Bxg2 19. Kxg2 Qf5 20. Bc5 Re8 21. Ne3 Qg5 22. h4 Qh5 23. Qxd8 Rxd8 24. Rxd8+ Bf8 25. Rxc8 b6 26. Bxf8 Rxf8 27. Ng4 Kg7 28. Rxc7+ Kh8 29. Nc3 1-0

[Event "Catalunya-chT Gp2"]
[Site "Barcelona"]
[Date "2017.02.04"]
[Round "3.4"]
[White "Garcia Jimenez, Francisco Javier"]
[Black "Muratet Casadevall, Albert"]
[Result "1/2-1/2"]
[WhiteElo "2281"]
[BlackElo "2173"]
[PlyCount "48"]
[EventDate "2017.01.21"]
[EventType "team-tourn"]
[EventRounds "7"]
[EventCountry "ESP"]
[SourceTitle "CBM 176 Extra"]
[Source "ChessBase"]
[SourceDate "2017.03.02"]
[SourceVersion "1"]
[SourceVersionDate "2017.03.02"]
[SourceQuality "1"]
[WhiteTeam "Sant Josep de Badalona"]
[BlackTeam "Banyoles"]
[WhiteTeamCountry "ESP"]
[BlackTeamCountry "ESP"]

1. e4 Nf6 2. Nc3 d5 3. exd5 Nxd5 4. Bc4 Nb6 5. Bb3 Nc6 6. Qf3 f6 7. Nge2 e5 8. 0-0 Qe7 9. d4 exd4 10. Nb5 Ne5 11. Qe4 c5 12. f4 a6 13. Nbxd4 Nec4 14. Qxe7+ Bxe7 15. Nf3 Na5 16. Be3 Nxb3 17. cxb3 Nd5 18. Bf2 Bg4 19. Rfd1 Bxf3 20. gxf3 Rd8 21. Rd2 Kf7 22. Rad1 Nb4 23. a3 Nc6 24. Rd7 Nd4 1/2-1/2

[Event "Catalunya-chT Gp2"]
[Site "Barcelona"]
[Date "2017.01.21"]
[Round "1.6"]
[White "Garcia Jimenez, Francisco Javier"]
[Black "Bru Rullo, Llatzer"]
[Result "1/2-1/2"]
[WhiteElo "2281"]
[BlackElo "2248"]
[PlyCount "39"]
[EventDate "2017.01.21"]
[EventType "team-tourn"]
[EventRounds "7"]
[EventCountry "ESP"]
[SourceTitle "CBM 176 Extra"]
[Source "ChessBase"]
[SourceDate "2017.03.02"]
[SourceVersion "1"]
[SourceVersionDate "2017.03.02"]
[SourceQuality "1"]
[WhiteTeam "Sant Josep de Badalona"]
[BlackTeam "Cerdanyola Valles"]
[WhiteTeamCountry "ESP"]
[BlackTeamCountry "ESP"]

1. e4 e5 2. Nc3 Nf6 3. g3 d5 4. exd5 Nxd5 5. Bg2 Nxc3 6. bxc3 Bc5 7. Ne2 Nc6 8. 0-0 0-0 9. Rb1 Bb6 10. Ba3 Ne7 11. d4 exd4 12. Nxd4 Re8 13. Re1 Nf5 14. Nxf5 Bxf5 15. Bxb7 Rb8 16. Qf3 Bxc2 17. Bd5 Bg6 18. Rbd1 Qg5 19. Bc1 Qh5 20. Kg2 1/2-1/2

[Event "Martorell op 34th"]
[Site "Martorell"]
[Date "2016.11.19"]
[Round "9"]
[White "Lacasta Palacio, Joaquim"]
[Black "Garcia Jimenez, Francisco Javier"]
[Result "0-1"]
[WhiteElo "2052"]
[BlackElo "2268"]
[PlyCount "70"]
[EventDate "2016.09.17"]
[EventType "swiss"]
[EventRounds "9"]
[EventCountry "ESP"]
[SourceTitle "EXT 2018"]
[Source "ChessBase"]
[SourceDate "2017.10.13"]
[SourceVersion "1"]
[SourceVersionDate "2017.10.13"]
[SourceQuality "1"]

1. d4 c5 2. e3 Nf6 3. Nf3 b6 4. Be2 Bb7 5. 0-0 g6 6. b3 Bg7 7. Bb2 0-0 8. dxc5 bxc5 9. c4 d6 10. Nc3 Ne4 11. Qc1 Bxc3 12. Bxc3 Nxc3 13. Qxc3 Nc6 14. h3 a5 15. a3 Qd7 16. Nd2 Rfb8 17. f4 a4 18. bxa4 Rxa4 19. Bd1 Raa8 20. Bc2 Qd8 21. Be4 Qa5 22. Qc2 Nd8 23. f5 Bxe4 24. Nxe4 Qa4 25. Qe2 d5 26. Nd2 Rb2 27. fxg6 hxg6 28. Rf2 dxc4 29. Qxc4 Rc2 30. Qxa4 Rxa4 31. Nf3 Rc3 32. Rb2 Ne6 33. Rb7 Kf8 34. Rd1 Rxe3 35. Rdd7 Nf4 0-1

[Event "Martorell op 34th"]
[Site "Martorell"]
[Date "2016.10.15"]
[Round "5"]
[White "Munoz Pantoja, Miguel Angel"]
[Black "Garcia Jimenez, Francisco Javier"]
[Result "1/2-1/2"]
[WhiteElo "2471"]
[BlackElo "2268"]
[PlyCount "35"]
[EventDate "2016.09.17"]
[EventType "swiss"]
[EventRounds "9"]
[EventCountry "ESP"]
[SourceTitle "EXT 2018"]
[Source "ChessBase"]
[SourceDate "2017.10.13"]
[SourceVersion "1"]
[SourceVersionDate "2017.10.13"]
[SourceQuality "1"]

1. e4 d5 2. exd5 Qxd5 3. Nf3 Bg4 4. Be2 Nc6 5. d4 0-0-0 6. c4 Qf5 7. 0-0 Nxd4 8. Nxd4 Bxe2 9. Qxe2 Rxd4 10. Be3 Rd7 11. Bxa7 Nf6 12. Nc3 e6 13. Rad1 Bd6 14. Bd4 Rhd8 15. g3 h5 16. Nb5 Bc5 17. Bxc5 Qxc5 18. Rxd7 1/2-1/2